000 00309nam a22001337a 4500
008 170510b xxu||||| |||| 00| 0 eng d
020 _a978019828881
041 _aeng
080 _a342
100 _a15
101 _aSHJ
245 _aFIRMS CONTRACTS AND FINACIAL SATRUCTURE
_cHART.O
942 _2udc
_cBK
999 _c13055
_d13055